| 000 | 01371nam a2200217 a 4500 | ||
|---|---|---|---|
| 001 | 000000424 | ||
| 005 | 20250221131511.0 | ||
| 008 | 090122s2003 dr a 001 0 spa d | ||
| 040 |
_aDO-SdBNP _bspa _cBNPHU |
||
| 082 |
_a264 _bC965n |
||
| 100 | 1 |
_aCuesta, Sunmer, _d1967- _91415 |
|
| 245 | 1 | 0 |
_aNotas de mensajes escuchados : _bmanual práctico para aprovechar mejor el tiempo del culto / _cPastor Sunmer Cuesta. |
| 260 |
_aBonao : _bImpr. La Trinitaria, _c2003. |
||
| 300 |
_a123 p. : _bil. ; _c21 cm. |
||
| 590 | _aInventariado, 2018/ YL | ||
| 505 | 0 |
_gA manera de introducción -- _tCaracterísticas de la palabra de Dios que dan sentido a este manual -- _tQuisiera que pudieras encontrar por ti mismo razones por las cuales estudiar, analizar y aplicar la palabra de Dios -- _tProcedimiento -- _t57 centavos -- _t1er. bloque de notas de los mensajes -- _tBanco del tiempo -- _t2do. bloque de notas de los mensajes -- _tDepende de quién son las manos -- _t3er. bloque de notas de los mensajes -- _tDilema del agua en la botella -- _t4º. bloque de notas de los mensajes -- _tEnfermedades del alma -- _tBendiciones recibidas -- _t¿Puedo ser cristiano sin unirme a una iglesia?. |
|
| 650 | 4 |
_aCulto público _91416 |
|
| 650 | 4 |
_aLectura en cultos públicos _91417 |
|
| 650 | 0 |
_aGrupos de oraciones _xBautista, Iglesia Católica, Etc. _91418 |
|
| 910 | _aValidado. Control de calidad EMS | ||
| 999 |
_c422 _d422 |
||